Telkupi : (Record no. 79455)
[ view plain ]
| 000 -LEADER | |
|---|---|
| fixed length control field | 00923nam a22002417a 4500 |
| 005 - DATE AND TIME OF LATEST TRANSACTION | |
| control field | 20140219125527.0 |
| 010 ## - LCCN (DPL NO) | |
| LC control number | ENG-108506 |
| 020 ## - INTERNATIONAL STANDARD BOOK NUMBER | |
| Terms of availability | 400.00 |
| 035 ## - SYSTEM CONTROL NUMBER | |
| System control number | EN-92039 |
| 037 ## - SOURCE OF ACQUISITION | |
| Source of stock number/acquisition | DBAD/PUB |
| 082 ## - DEWEY DECIMAL CLASSIFICATION NUMBER | |
| Classification number | 726.145 |
| 100 ## - MAIN ENTRY--PERSONAL NAME | |
| Personal name | Mitra, Debala |
| 245 ## - TITLE STATEMENT | |
| Title | Telkupi : |
| Statement of responsibility, etc | by Debala Mitra |
| Remainder of title | a submerged temple site in West Bengal / |
| 260 ## - PUBLICATION, DISTRIBUTION, ETC. (IMPRINT) | |
| Place of publication, distribution, etc | New Delhi |
| Name of publisher, distributor, etc | Archaeological Survey of India |
| Date of publication, distribution, etc | 1969 |
| 270 ## - ADDRESS | |
| Address | Archaeological Survey of India |
| City | New Delhi |
| 300 ## - PHYSICAL DESCRIPTION | |
| Extent | viii, 77, xliii, [43] p. of plates : |
| Other physical details | 1 folded map |
| Dimensions | 29cm(Hb) |
| 490 ## - SERIES STATEMENT | |
| Series statement | Memoirs of the Archaeological Survey of India ; no. 76 |
| 500 ## - GENERAL NOTE | |
| General note | Articles with reference to Telkupi, village located in Purulia District of West Bengal, India |
| 500 ## - GENERAL NOTE | |
| General note | Includes bibliographical references and index |
| 650 ## - SUBJECT ADDED ENTRY--TOPICAL TERM | |
| Topical term or geographic name as entry element | Hindu temples |
| Geographic subdivision | India |
| -- | Telkupi |
| 710 ## - ADDED ENTRY--CORPORATE NAME | |
| Corporate name or jurisdiction name as entry element | Archaeological Survey of India |
| 942 ## - ADDED ENTRY ELEMENTS (KOHA) | |
| Source of classification or shelving scheme | Dewey Decimal Classification |
| Item type | English Books |
| Call number suffix | MIT |
| Classification part | 726.145 |
| Withdrawn status | Lost status | Not for loan | Collection code | Home library | Current library | Date acquired | Source of acquisition | Cost, normal purchase price | Full call number | Barcode | Copy number | Cost, replacement price | Koha item type |
|---|---|---|---|---|---|---|---|---|---|---|---|---|---|
| Not For Loan | Non-fiction | D.B.Act.Division | D.B.Act.Division | 18/09/2013 | DBAD / PUB | 400.00 | 726.145 MIT | EN-92039 | 1 | 400.00 | English Books |
